| 000 | 01569nam a2200397 a 4500 | ||
|---|---|---|---|
| 001 | ebr10558819 | ||
| 003 | CaPaEBR | ||
| 006 | m u | ||
| 007 | cr cn||||||||| | ||
| 008 | 070601s2007 coua sb 001 0 eng d | ||
| 010 | _z 2007022961 | ||
| 020 | _z1583214917 (alk. paper) | ||
| 020 | _z9781583214916 (alk. paper) | ||
| 020 | _z9781613000335 (e-book) | ||
| 040 |
_aCaPaEBR _cCaPaEBR |
||
| 035 | _a(OCoLC)707937401 | ||
| 050 | 1 | 4 |
_aTD442.5 _b.R48 2007eb |
| 082 | 0 | 4 |
_a628.1/64 _222 |
| 245 | 0 | 0 |
_aReverse osmosis and nanofiltration _h[electronic resource]. |
| 250 |
_a2nd ed. / _b[Revision subcommitte members and authors, Robert Bergman ... et al.]. |
||
| 260 |
_aDenver, Colo. : _bAmerican Water Works Association, _cc2007. |
||
| 300 |
_axiv, 226 p. : _bill. (some col.). |
||
| 490 | 1 |
_aAWWA manual ; _vM46 |
|
| 500 | _a"Science and technology." | ||
| 504 | _aIncludes bibliographical references and index. | ||
| 533 |
_aElectronic reproduction. _bPalo Alto, Calif. : _cebrary, _d2013. _nAvailable via World Wide Web. _nAccess may be limited to ebrary affiliated libraries. |
||
| 650 | 0 |
_aWater _xPurification _xReverse osmosis process. |
|
| 650 | 0 |
_aWater _xPurification _xMembrane filtration. |
|
| 650 | 0 |
_aDrinking water _xPurification. |
|
| 650 | 0 | _aNanofiltration. | |
| 655 | 7 |
_aElectronic books. _2local |
|
| 700 | 1 | _aBergman, Robert. | |
| 710 | 2 | _aebrary, Inc. | |
| 830 | 0 |
_aAWWA manual ; _vM46. |
|
| 856 | 4 | 0 |
_uhttp://site.ebrary.com/lib/rucke/Doc?id=10558819 _zAn electronic book accessible through the World Wide Web; click to view |
| 999 |
_c88750 _d88750 |
||